[Event "II Festival Santa Lucia-Gran Canaria 2014"]
[Site "C/Famara, 76-AA.VV. Ansite de Vecindario (Gran Can"]
[Date "2014.08.14"]
[Round "1"]
[Board "1"]
[White "Fuentes Perez, Noe"]
[Black "Alvarado Diaz, Alejandro"]
[Result "0-1"]
[WhiteElo "1518"]
[BlackElo "2351"]
[PlyCount "82"]
[EventDate "2014.08.14"]
[EventRounds "9"]
[EventCountry "ESP"]

1. e4 d5 2. Nf3 dxe4 3. Ng5 Nc6 4. Nxe4 f5 5. Ng3 Nf6 6. Bb5 Qd6 7. d4 Bd7 8.
Bxc6 Qxc6 9. O-O h5 10. Qd3 e6 11. h4 O-O-O 12. c4 Bd6 13. Bg5 Bxg3 14. fxg3
Qb6 15. b3 Bc6 16. c5 Qxc5 17. Rd1 Qd5 18. Rd2 Ne4 19. Nc3 Nxc3 20. Qxc3 Rd7
21. Re1 Rf7 22. Qc4 Qxc4 23. bxc4 Be4 24. d5 exd5 25. cxd5 Rd7 26. Red1 Re8 27.
Kf2 b6 28. d6 c5 29. a4 Kb7 30. Re2 Re6 31. Be7 Kc6 32. Red2 a6 33. Bf8 g6 34.
Re2 c4 35. Ke1 b5 36. axb5+ axb5 37. Kd2 b4 38. Kc1 Re8 39. Be7 Ra8 40. Kb2 Kc5
41. Rf2 c3+ 0-1

[Event "II Festival Santa Lucia-Gran Canaria 2014"]
[Site "C/Famara, 76-AA.VV. Ansite de Vecindario (Gran Can"]
[Date "2014.08.14"]
[Round "1"]
[Board "2"]
[White "Brito Garcia, Alfredo"]
[Black "Sanchez Gonzalez, Jesus German"]
[Result "1-0"]
[WhiteElo "2332"]
[BlackElo "1515"]
[PlyCount "55"]
[EventDate "2014.08.14"]
[EventRounds "9"]
[EventCountry "ESP"]

1. d4 d5 2. c4 Nf6 3. cxd5 Nxd5 4. e4 Nf6 5. Nc3 b6 6. Bc4 e6 7. Qa4+ c6 8. Bd3
b5 9. Qc2 Qxd4 10. Nf3 Qd8 11. O-O Be7 12. Rd1 Nbd7 13. e5 Nd5 14. Nxd5 cxd5
15. Bxh7 Bb7 16. Bd3 Rc8 17. Qe2 a6 18. Be3 Nc5 19. Bb1 Qa5 20. Bg5 Nb3 21.
axb3 Qxa1 22. Bxe7 Kxe7 23. Qd2 d4 24. Qg5+ Kf8 25. Nxd4 Be4 26. Nf5 Bd5 27.
Qxg7+ Ke8 28. Qxh8+ 1-0

[Event "II Festival Santa Lucia-Gran Canaria 2014"]
[Site "C/Famara, 76-AA.VV. Ansite de Vecindario (Gran Can"]
[Date "2014.08.14"]
[Round "1"]
[Board "3"]
[White "Biscarri Candalia, Oscar"]
[Black "Gutierrez Olivares, Daniel"]
[Result "0-1"]
[WhiteElo "1485"]
[BlackElo "2331"]
[PlyCount "54"]
[EventDate "2014.08.14"]
[EventRounds "9"]
[EventCountry "ESP"]

1. d4 Nf6 2. c4 e6 3. Nc3 c5 4. Nf3 a6 5. Bg5 cxd4 6. Nxd4 Qc7 7. Bxf6 gxf6 8.
e3 Nc6 9. Nf3 Be7 10. a3 d6 11. Rc1 Ne5 12. Nxe5 fxe5 13. Ne4 Bd7 14. Be2 Rg8
15. Ng3 O-O-O 16. O-O f5 17. f4 Qc5 18. Qd2 exf4 19. Qd4 fxg3 20. b4 gxh2+ 21.
Kxh2 Qe5+ 22. Qxe5 dxe5 23. b5 Bc5 24. a4 Bxe3 25. Rc2 Rg6 26. c5 Rdg8 27. Bd3
Rh6# 0-1

[Event "II Festival Santa Lucia-Gran Canaria 2014"]
[Site "C/Famara, 76-AA.VV. Ansite de Vecindario (Gran Can"]
[Date "2014.08.14"]
[Round "1"]
[Board "4"]
[White "Natalicchio Escalante, Nicolas"]
[Black "Roca Marrero, Fernando"]
[Result "1-0"]
[WhiteElo "2238"]
[BlackElo "1465"]
[PlyCount "73"]
[EventDate "2014.08.14"]
[EventRounds "9"]
[EventCountry "ESP"]

1. d4 Nf6 2. Bg5 d6 3. Nc3 Bf5 4. f3 h6 5. Bh4 Nbd7 6. e4 Bh7 7. Bc4 c5 8. Nge2
Qb6 9. Bf2 g6 10. O-O Bg7 11. a3 O-O 12. dxc5 dxc5 13. b4 Rad8 14. Qb1 Qc7 15.
Nb5 Qb8 16. bxc5 Ne5 17. Ba2 Rd2 18. Nbd4 Nc6 19. Qe1 Rxd4 20. Nxd4 Nxd4 21.
Bxd4 Ng4 22. e5 Nxe5 23. c3 g5 24. Qg3 Kh8 25. Rae1 f6 26. Bb1 Bxb1 27. Rxb1
Qc8 28. Qe1 h5 29. Qe4 Nc6 30. Qg6 h4 31. f4 e5 32. fxe5 fxe5 33. Be3 Ne7 34.
Rxf8+ Qxf8 35. Qh5+ Kg8 36. Rf1 Nf5 37. Qxg5 1-0

[Event "II Festival Santa Lucia-Gran Canaria 2014"]
[Site "C/Famara, 76-AA.VV. Ansite de Vecindario (Gran Can"]
[Date "2014.08.14"]
[Round "1"]
[Board "5"]
[White "Hernandez Delgado, Christopher"]
[Black "Garcia Gonzalez, Emilio Angel"]
[Result "1-0"]
[WhiteElo "1437"]
[BlackElo "2075"]
[PlyCount "83"]
[EventDate "2014.08.14"]
[EventRounds "9"]
[EventCountry "ESP"]

1. d4 Nf6 2. e3 d5 3. c4 c6 4. Nc3 e6 5. Nf3 Nbd7 6. Bd2 Bd6 7. a4 O-O 8. c5
Bc7 9. b4 e5 10. Be2 exd4 11. Nxd4 Ne5 12. a5 Re8 13. Qc2 Bd7 14. O-O Neg4 15.
g3 h5 16. Bf3 h4 17. Nf5 Re5 18. Nxh4 Rh5 19. h3 Rxh4 20. hxg4 Rh8 21. Kg2 Nxg4
22. Rh1 g6 23. Rxh8+ Kxh8 24. Rh1+ Kg8 25. Nxd5 cxd5 26. Bxg4 d4 27. Bxd7 Qxd7
28. Qc4 Bd8 29. Qxd4 Qxd4 30. exd4 Bf6 31. d5 Re8 32. Re1 Rxe1 33. Bxe1 Kf8 34.
c6 bxc6 35. dxc6 Ke8 36. b5 Bd8 37. Bb4 Bc7 38. Kf3 f5 39. Bc5 Bxa5 40. Bxa7
Kd8 41. b6 g5 42. b7 1-0

[Event "II Festival Santa Lucia-Gran Canaria 2014"]
[Site "C/Famara, 76-AA.VV. Ansite de Vecindario (Gran Can"]
[Date "2014.08.14"]
[Round "1"]
[Board "6"]
[White "Camino Carrio, Nicanor"]
[Black "Sanabria Taskila, Daniel Krist"]
[Result "1-0"]
[WhiteElo "2054"]
[BlackElo "1433"]
[PlyCount "71"]
[EventDate "2014.08.14"]
[EventRounds "9"]
[EventCountry "ESP"]

1. e4 c6 2. d4 d5 3. e5 Bf5 4. Nf3 e6 5. Be2 c5 6. Be3 Qb6 7. Nc3 c4 8. Rb1 Nc6
9. O-O Be7 10. Qd2 a6 11. a3 Qc7 12. b3 cxb3 13. Rxb3 Na5 14. Rbb1 b5 15. Bg5
f6 16. Bf4 Qb6 17. Na4 Qd8 18. Nc5 Bxc5 19. dxc5 g5 20. Bg3 Nc6 21. Nd4 Nxe5
22. Nxf5 exf5 23. f4 Nc4 24. Bh5+ Kf8 25. Qd3 Nd6 26. cxd6 Nh6 27. fxg5 Nf7 28.
Qxf5 Ra7 29. Qxf6 Qxf6 30. Rxf6 Kg7 31. Bxf7 Rxf7 32. Be5 Rhf8 33. Rbf1 Rxf6
34. Bxf6+ Kg6 35. d7 Kf7 36. d8=Q 1-0

[Event "II Festival Santa Lucia-Gran Canaria 2014"]
[Site "C/Famara, 76-AA.VV. Ansite de Vecindario (Gran Can"]
[Date "2014.08.14"]
[Round "1"]
[Board "7"]
[White "Henriquez Cazorla, Laura"]
[Black "Gonzalez Intelangelo, Gerardo"]
[Result "0-1"]
[WhiteElo "1433"]
[BlackElo "2034"]
[PlyCount "104"]
[EventDate "2014.08.14"]
[EventRounds "9"]
[EventCountry "ESP"]

1. d4 b5 2. Nf3 Bb7 3. e3 a6 4. c4 bxc4 5. Bxc4 Nf6 6. Qb3 Qc8 7. Bxf7+ Kd8 8.
Bc4 d5 9. Bd3 Ke8 10. Nc3 Nbd7 11. O-O c5 12. Bf5 Qc6 13. Bxd7+ Nxd7 14. Qa4 e6
15. Qxc6 Bxc6 16. Re1 Be7 17. e4 h6 18. exd5 exd5 19. dxc5 Kf7 20. Ne5+ Nxe5
21. Rxe5 Rhd8 22. Bf4 Bxc5 23. Be3 Bd6 24. Rh5 Kg6 25. Rh4 Rab8 26. Bd4 h5 27.
g4 hxg4 28. Rxg4+ Kf5 29. Rxg7 Rxb2 30. Nxd5 Rd2 31. Ne3+ Ke4 32. Rg4+ Kf3 33.
Rc1 Be4 34. Rc4 Bf4 35. h4 R8xd4 36. Rxd4 Rxd4 37. Rg8 Rb4 38. Rd8 Rb1+ 39. Rd1
Bxe3 40. Rxb1 Bxf2+ 41. Kh2 Bg3+ 42. Kg1 Bxb1 43. h5 Bxa2 44. h6 Bb1 45. h7
Bxh7 46. Kh1 Be4 47. Kg1 Bd5 48. Kh1 a5 49. Kg1 a4 50. Kf1 a3 51. Kg1 a2 52.
Kf1 a1=Q# 0-1

[Event "II Festival Santa Lucia-Gran Canaria 2014"]
[Site "C/Famara, 76-AA.VV. Ansite de Vecindario (Gran Can"]
[Date "2014.08.14"]
[Round "1"]
[Board "8"]
[White "Sanchez Quintero, Raul"]
[Black "Donate Villalba, Juan Francisc"]
[Result "1-0"]
[WhiteElo "2028"]
[BlackElo "1405"]
[PlyCount "83"]
[EventDate "2014.08.14"]
[EventRounds "9"]
[EventCountry "ESP"]

1. e4 e5 2. Nf3 Nc6 3. Bb5 Nge7 4. O-O a6 5. Bc4 d6 6. Ng5 d5 7. exd5 Nxd5 8.
d4 Na5 9. Qf3 Be6 10. Nxe6 fxe6 11. Bxd5 Qxd5 12. Qxd5 exd5 13. dxe5 O-O-O 14.
b3 Nc6 15. Bb2 Re8 16. f4 Bc5+ 17. Kh1 Rhg8 18. Nc3 Ne7 19. Rad1 c6 20. f5 Rgf8
21. Na4 Be3 22. f6 gxf6 23. exf6 Ng6 24. f7 Re7 25. Ba3 c5 26. Nb6+ Kb8 27.
Nxd5 Rexf7 28. Rxf7 Rxf7 29. Nxe3 b6 30. Bb2 Kb7 31. Kg1 Nf4 32. g3 Nh3+ 33.
Kg2 Ng5 34. Be5 Ne4 35. Bf4 Nc3 36. Rd6 Nxa2 37. Nd5 b5 38. Rb6+ Kc8 39. Rxa6
Nb4 40. Nxb4 cxb4 41. Kf3 Kb7 42. Rb6+ 1-0

[Event "II Festival Santa Lucia-Gran Canaria 2014"]
[Site "C/Famara, 76-AA.VV. Ansite de Vecindario (Gran Can"]
[Date "2014.08.14"]
[Round "1"]
[Board "9"]
[White "Agejas Garcia, Diego"]
[Black "Marrero Cardenes, Agustin"]
[Result "0-1"]
[WhiteElo "1391"]
[BlackElo "2009"]
[PlyCount "76"]
[EventDate "2014.08.14"]
[EventRounds "9"]
[EventCountry "ESP"]

1. d4 Nf6 2. Nf3 g6 3. c4 Bg7 4. Bg5 d6 5. Nc3 Nbd7 6. e3 c6 7. Be2 O-O 8. O-O
Re8 9. Qc2 Qc7 10. Rfd1 a5 11. a3 e5 12. dxe5 dxe5 13. Nd2 Nc5 14. Bf3 Bf5 15.
Nde4 Nfxe4 16. Nxe4 h6 17. Bf6 Bxe4 18. Bxe4 Bxf6 19. Bxg6 fxg6 20. b4 axb4 21.
axb4 Rxa1 22. Qxg6+ Kf8 23. Qxf6+ Qf7 24. Qxh6+ Qg7 25. Qd6+ Kg8 26. Rxa1 e4
27. Rd1 Nd3 28. Qg3 Qxg3 29. hxg3 Kf7 30. f3 Nxb4 31. Rb1 c5 32. Kf2 Ra8 33. g4
Ra2+ 34. Kg3 Rc2 35. Rh1 Kg7 36. Rh5 Rxc4 37. Re5 Kf6 38. Kf4 Nd3+ 0-1

[Event "II Festival Santa Lucia-Gran Canaria 2014"]
[Site "C/Famara, 76-AA.VV. Ansite de Vecindario (Gran Can"]
[Date "2014.08.14"]
[Round "1"]
[Board "10"]
[White "Cruz Pino, Adrian"]
[Black "Ramirez Hernandez, Jose Isidro"]
[Result "1-0"]
[WhiteElo "1977"]
[BlackElo "1376"]
[PlyCount "76"]
[EventDate "2014.08.14"]
[EventRounds "9"]
[EventCountry "ESP"]

1. e4 d6 2. c3 Nf6 3. Nf3 g6 4. g3 Bg7 5. Bg2 Nbd7 6. Qe2 O-O 7. O-O e5 8. d3
Re8 9. Re1 Nc5 10. Qc2 c6 11. Nbd2 b6 12. b4 Ne6 13. Bb2 Rb8 14. a4 a5 15. Nc4
Bb7 16. Ba3 axb4 17. cxb4 c5 18. Rab1 Ba8 19. Rb2 Nd4 20. Nxd4 cxd4 21. b5 Bf8
22. Bb4 d5 23. Bxf8 dxc4 24. Bb4 c3 25. Ra2 Bb7 26. h3 Bc8 27. Rf1 Be6 28. Raa1
Qd7 29. Kh2 h5 30. f4 exf4 31. Rxf4 Nh7 32. Raf1 Ng5 33. h4 Nh7 34. e5 Bf5 35.
Bd6 f6 36. Bc6 Qe6 37. Bxb8 Rxb8 38. Rxd4 fxe5 1-0

[Event "II Festival Santa Lucia-Gran Canaria 2014"]
[Site "C/Famara, 76-AA.VV. Ansite de Vecindario (Gran Can"]
[Date "2014.08.14"]
[Round "1"]
[Board "11"]
[White "Henriquez Cazorla, Alejandro"]
[Black "Rodriguez Mellado, Antonio"]
[Result "0-1"]
[WhiteElo "1333"]
[BlackElo "1935"]
[PlyCount "24"]
[EventDate "2014.08.14"]
[EventRounds "9"]
[EventCountry "ESP"]

1. e4 e5 2. Nf3 Nc6 3. d4 exd4 4. Bc4 Bc5 5. c3 d3 6. O-O d6 7. Qxd3 Bg4 8. Ng5
Ne5 9. Qg3 Nf6 10. Bb3 h6 11. h3 hxg5 12. hxg4 Nxe4 0-1

[Event "II Festival Santa Lucia-Gran Canaria 2014"]
[Site "C/Famara, 76-AA.VV. Ansite de Vecindario (Gran Can"]
[Date "2014.08.14"]
[Round "1"]
[Board "12"]
[White "Mayor Gonzalez, Julio"]
[Black "Sosa Suarez, Carla Cristina"]
[Result "1-0"]
[WhiteElo "1919"]
[BlackElo "1332"]
[PlyCount "59"]
[EventDate "2014.08.14"]
[EventRounds "9"]
[EventCountry "ESP"]

1. d4 d5 2. Nf3 e6 3. e3 Nf6 4. Bd3 Nbd7 5. Nbd2 c5 6. b3 Bd6 7. Bb2 O-O 8. O-O
Re8 9. Ne5 Qc7 10. f4 cxd4 11. exd4 Nf8 12. Qf3 Ng6 13. g4 Bb4 14. c3 Bd6 15.
Rae1 Nd7 16. Re2 Ndxe5 17. fxe5 Bf8 18. Ref2 Nxe5 19. dxe5 Bc5 20. Kg2 Bxf2 21.
Rxf2 b6 22. Bb5 Rd8 23. Ba3 Qb7 24. Bd6 Bd7 25. Qxf7+ Kh8 26. Nf3 Bc8 27. Ng5
d4+ 28. Kg3 Qxf7 29. Nxf7+ Kg8 30. Nxd8 1-0

[Event "II Festival Santa Lucia-Gran Canaria 2014"]
[Site "C/Famara, 76-AA.VV. Ansite de Vecindario (Gran Can"]
[Date "2014.08.14"]
[Round "1"]
[Board "13"]
[White "Garcia Cruz, Jose Manuel"]
[Black "Martin Perez, Francisco Jose"]
[Result "0-1"]
[WhiteElo "1315"]
[BlackElo "1870"]
[PlyCount "28"]
[EventDate "2014.08.14"]
[EventRounds "9"]
[EventCountry "ESP"]

1. d4 d5 2. c4 e6 3. Nc3 Nf6 4. Bg5 Nbd7 5. Nf3 Be7 6. e3 O-O 7. Qc2 b6 8. Rd1
Bb7 9. Be2 h6 10. h4 hxg5 11. hxg5 Ne4 12. Ne5 Bxg5 13. f3 Bh4+ 14. Kf1 Ng3+
 0-1

[Event "II Festival Santa Lucia-Gran Canaria 2014"]
[Site "C/Famara, 76-AA.VV. Ansite de Vecindario (Gran Can"]
[Date "2014.08.14"]
[Round "1"]
[Board "14"]
[White "Garcia Matos, Maury"]
[Black "Perdomo Suarez, Juan Manuel"]
[Result "0-1"]
[WhiteElo "1864"]
[BlackElo "1295"]
[PlyCount "116"]
[EventDate "2014.08.14"]
[EventRounds "9"]
[EventCountry "ESP"]

1. e4 c5 2. Nf3 e6 3. d4 cxd4 4. Nxd4 Nf6 5. Nc3 a6 6. Bc4 d6 7. O-O Be7 8. Bb3
Nc6 9. Be3 O-O 10. Qf3 Qc7 11. Qg3 Ne5 12. h3 Rd8 13. f4 Ng6 14. f5 exf5 15.
Nxf5 Bf8 16. Nd5 Nxd5 17. Bxd5 Bxf5 18. Rxf5 Ne5 19. Raf1 Rd7 20. c3 g6 21. Bd4
Bg7 22. R5f2 Rf8 23. h4 h5 24. Bxe5 dxe5 25. Qxg6 Rxd5 26. Qxh5 Rd6 27. Qg4 Rg6
28. Qh3 f6 29. g4 Qd7 30. Rf5 Qd2 31. h5 Rg5 32. R5f2 Qd7 33. Rg2 Bh6 34. Qf3
Qe6 35. a3 Rf7 36. Qd1 Bf8 37. Rf5 Bc5+ 38. Kh1 Be3 39. Rxg5+ Bxg5 40. Rh2 Rd7
41. Qf3 Qb3 42. Rg2 Bf4 43. Rf2 Rd1+ 44. Kg2 Rb1 45. Qe2 Qb6 46. Qc2 Rc1 47.
Qd3 Be3 48. Qc4+ Kg7 49. h6+ Bxh6 50. Qd3 Qe6 51. Rf5 Qb3 52. Qd7+ Qf7 53. Qd3
Kh7 54. Rh5 Qg7 55. Qe2 Rb1 56. c4 Kg8 57. Rf5 Bc1 58. Qd3 Qxg4+ 0-1

[Event "II Festival Santa Lucia-Gran Canaria 2014"]
[Site "C/Famara, 76-AA.VV. Ansite de Vecindario (Gran Can"]
[Date "2014.08.14"]
[Round "1"]
[Board "15"]
[White "Hernandez Guerra, Luna Yue"]
[Black "Cruz Ramirez, Nauzet"]
[Result "0-1"]
[WhiteElo "1293"]
[BlackElo "1820"]
[PlyCount "92"]
[EventDate "2014.08.14"]
[EventRounds "9"]
[EventCountry "ESP"]

1. e4 c5 2. Nf3 e6 3. d4 cxd4 4. Nxd4 a6 5. Nc3 d6 6. Bc4 Nf6 7. Bg5 Be7 8. Qd2
b5 9. Bb3 b4 10. Nce2 Nxe4 11. Bxe7 Nxd2 12. Bxd8 Nxb3 13. cxb3 Kxd8 14. O-O e5
15. Nf3 Ke7 16. Rac1 Be6 17. Ng5 Nd7 18. Nxe6 fxe6 19. a3 Rab8 20. a4 Nc5 21.
Rfd1 Rhc8 22. Rb1 Nxb3 23. Nc1 Nxc1 24. Rbxc1 Rxc1 25. Rxc1 Kd7 26. Kf1 Rc8 27.
Re1 Rc2 28. b3 Rb2 29. Re3 Rc2 30. Rg3 g6 31. Rh3 h5 32. Rg3 Rc3 33. Rxc3 bxc3
34. Ke2 d5 35. Kd3 d4 36. Kc2 e4 37. g3 Kc6 38. h3 Kc5 39. g4 hxg4 40. hxg4 g5
41. a5 Kb4 42. Kc1 Kxb3 43. Kb1 c2+ 44. Kc1 Kc3 45. f4 d3 46. f5 d2# 0-1

[Event "II Festival Santa Lucia-Gran Canaria 2014"]
[Site "C/Famara, 76-AA.VV. Ansite de Vecindario (Gran Can"]
[Date "2014.08.14"]
[Round "1"]
[Board "16"]
[White "Ruiz Romero, Pedro"]
[Black "Sanabria Taskila, Jenny Maria"]
[Result "1-0"]
[WhiteElo "1802"]
[BlackElo "1272"]
[PlyCount "53"]
[EventDate "2014.08.14"]
[EventRounds "9"]
[EventCountry "ESP"]

1. e4 c5 2. b3 d6 3. Ne2 Nf6 4. Ng3 g6 5. Bb2 Bg7 6. Nc3 Nc6 7. Bb5 Bd7 8. Bxc6
Bxc6 9. Qe2 O-O 10. h4 a6 11. f4 b5 12. h5 Qb6 13. e5 dxe5 14. fxe5 Nd5 15.
Nxd5 Bxd5 16. a4 bxa4 17. Rxa4 Bxb3 18. Rah4 Bxc2 19. Bc3 Rad8 20. Qg4 Qb7 21.
Qh3 Rb8 22. hxg6 fxg6 23. Rxh7 g5 24. Rxg7+ Kxg7 25. e6+ Rf6 26. Qh6+ Kg8 27.
Qh8# 1-0

[Event "II Festival Santa Lucia-Gran Canaria 2014"]
[Site "C/Famara, 76-AA.VV. Ansite de Vecindario (Gran Can"]
[Date "2014.08.14"]
[Round "1"]
[Board "17"]
[White "Sanchez Gonzalez, Eloy Antonio"]
[Black "Quintana Marrero, Pedro"]
[Result "0-1"]
[WhiteElo "1250"]
[BlackElo "1729"]
[PlyCount "54"]
[EventDate "2014.08.14"]
[EventRounds "9"]
[EventCountry "ESP"]

1. d4 Nf6 2. Bf4 e6 3. Nc3 d5 4. Nf3 c5 5. e3 Be7 6. Bb5+ Bd7 7. Bxd7+ Nbxd7 8.
Ne5 O-O 9. g4 Qb6 10. Rb1 cxd4 11. exd4 Nxe5 12. Bxe5 Nd7 13. Bf4 Bb4 14. h4
Rae8 15. a3 Bxc3+ 16. bxc3 Qc6 17. Kd2 Nb6 18. Ke2 f6 19. Qd3 e5 20. dxe5 fxe5
21. Bg3 d4 22. Rb3 Qxh1 23. Rb5 e4 24. Qxd4 Qf3+ 25. Ke1 e3 26. Re5 exf2+ 27.
Bxf2 Qxf2+ 0-1

[Event "II Festival Santa Lucia-Gran Canaria 2014"]
[Site "C/Famara, 76-AA.VV. Ansite de Vecindario (Gran Can"]
[Date "2014.08.14"]
[Round "1"]
[Board "18"]
[White "Ramirez Maillo, Juan Adonay"]
[Black "Gonzalez Ramirez, Daniel"]
[Result "1-0"]
[WhiteElo "1728"]
[BlackElo "1216"]
[PlyCount "41"]
[EventDate "2014.08.14"]
[EventRounds "9"]
[EventCountry "ESP"]

1. e4 e5 2. Nf3 Nc6 3. Bc4 Bc5 4. c3 Nf6 5. d4 exd4 6. cxd4 Bb4+ 7. Nc3 Bxc3+
8. bxc3 Nxe4 9. O-O O-O 10. d5 Na5 11. Bd3 Nxc3 12. Bxh7+ Kxh7 13. Qd3+ Kg8 14.
Ng5 g6 15. Qh3 Qxg5 16. Bxg5 Nxd5 17. Rfd1 d6 18. Qh6 f6 19. Qxg6+ Kh8 20. Rxd5
Be6 21. Bxf6+ 1-0

[Event "II Festival Santa Lucia-Gran Canaria 2014"]
[Site "C/Famara, 76-AA.VV. Ansite de Vecindario (Gran Can"]
[Date "2014.08.14"]
[Round "1"]
[Board "19"]
[White "Gimenez Aldecocea, Jorge"]
[Black "Suarez Buceta, Melquiades"]
[Result "0-1"]
[WhiteElo "1176"]
[BlackElo "1669"]
[PlyCount "57"]
[EventDate "2014.08.14"]
[EventRounds "9"]
[EventCountry "ESP"]

1. d4 Nf6 2. c4 e6 3. Nc3 Bb4 4. Qc2 d6 5. Bg5 O-O 6. e3 Nbd7 7. Bd3 Qe8 8.
Nge2 b6 9. O-O-O Bb7 10. f3 h6 11. h4 c5 12. e4 cxd4 13. Nxd4 Rc8 14. Bxf6 Nxf6
15. Nde2 d5 16. Nb5 dxc4 17. Bxc4 a6 18. Nd6 Bxd6 19. Rxd6 b5 20. Rd4 bxc4 21.
Rxc4 Rxc4 22. Qxc4 Qc8 23. Qxc8 Rxc8+ 24. Kb1 Nd7 25. Nc3 Ne5 26. Rd1 Rc7 27.
f4 Ng4 28. f5 exf5 29. exf5 0-1

[Event "II Festival Santa Lucia-Gran Canaria 2014"]
[Site "C/Famara, 76-AA.VV. Ansite de Vecindario (Gran Can"]
[Date "2014.08.14"]
[Round "1"]
[Board "20"]
[White "Guerrero Orihuela, Jose Luis"]
[Black "Andonegui Echeburua, Jose Luis"]
[Result "1-0"]
[WhiteElo "1656"]
[BlackElo "1964"]
[PlyCount "51"]
[EventDate "2014.08.14"]
[EventRounds "9"]
[EventCountry "ESP"]

1. d4 Nf6 2. c4 e6 3. Nc3 Bb4 4. Qc2 b6 5. Nf3 Bb7 6. a3 Bxc3+ 7. Qxc3 d5 8.
Bf4 Nbd7 9. e3 Rc8 10. c5 bxc5 11. dxc5 Nb8 12. Bd3 O-O 13. O-O h6 14. Nd4 c6
15. Bd6 Re8 16. f3 e5 17. Nf5 Ba6 18. Rad1 Bxd3 19. Rxd3 e4 20. fxe4 Rxe4 21.
Rf4 Re6 22. Rg4 g6 23. Nxh6+ Kg7 24. Nf5+ Kh7 25. Rh4+ Nh5 26. Qg7# 1-0

[Event "II Festival Santa Lucia-Gran Canaria 2014"]
[Site "C/Famara, 76-AA.VV. Ansite de Vecindario (Gran Can"]
[Date "2014.08.15"]
[Round "2"]
[Board "1"]
[White "Alvarado Diaz, Alejandro"]
[Black "Ramirez Maillo, Juan Adonay"]
[Result "1-0"]
[WhiteElo "2351"]
[BlackElo "1728"]
[PlyCount "57"]
[EventDate "2014.08.14"]
[EventRounds "9"]
[EventCountry "ESP"]

1. Nf3 Nf6 2. g3 g6 3. b4 c6 4. Bb2 Bg7 5. Bg2 a5 6. a3 axb4 7. axb4 Rxa1 8.
Bxa1 Qb6 9. Bxf6 Bxf6 10. c3 d5 11. d4 O-O 12. O-O Bf5 13. Nbd2 Nd7 14. Qa4 e5
15. e3 Bd3 16. Ra1 Qa6 17. Qxa6 Bxa6 18. Bh3 exd4 19. Bxd7 dxc3 20. Nb3 Bc4 21.
Na5 Rd8 22. Bh3 Be2 23. Nd4 c2 24. Rc1 Bxd4 25. exd4 Bd3 26. Nxb7 Rb8 27. Nc5
Rxb4 28. Nxd3 Rb3 29. Bf1 1-0

[Event "II Festival Santa Lucia-Gran Canaria 2014"]
[Site "C/Famara, 76-AA.VV. Ansite de Vecindario (Gran Can"]
[Date "2014.08.15"]
[Round "2"]
[Board "2"]
[White "Quintana Marrero, Pedro"]
[Black "Brito Garcia, Alfredo"]
[Result "0-1"]
[WhiteElo "1729"]
[BlackElo "2332"]
[PlyCount "121"]
[EventDate "2014.08.14"]
[EventRounds "9"]
[EventCountry "ESP"]

1. e4 e5 2. Nf3 Nc6 3. d4 exd4 4. Nxd4 Nf6 5. Nxc6 bxc6 6. e5 Qe7 7. Qe2 Nd5 8.
c4 Ba6 9. b3 Qh4 10. Bb2 Bb4+ 11. Nd2 Nf4 12. Qe3 Ne6 13. g3 Qe7 14. Bg2 Qc5
15. O-O-O Qxe3 16. fxe3 Bb7 17. Rhf1 Bc5 18. Rde1 Be7 19. Nf3 c5 20. Nh4 Bxh4
21. Bxb7 Rb8 22. Bd5 Be7 23. h4 O-O 24. Rf2 Nd8 25. Ref1 Rb6 26. Be4 d6 27. Bd5
dxe5 28. Bxe5 Bd6 29. Bxd6 Rxd6 30. Kc2 h5 31. Rf5 g6 32. Rf6 Kg7 33. Rxd6 cxd6
34. Rd1 Re8 35. e4 Kf6 36. Rf1+ Ke5 37. a3 a5 38. Kd3 Re7 39. b4 axb4 40. axb4
cxb4 41. Rb1 Ra7 42. Rxb4 Ra3+ 43. Ke2 Rxg3 44. Rb8 Ne6 45. Rb7 Rg4 46. Rxf7
Nf4+ 47. Kf3 Nxd5 48. cxd5 Rxh4 49. Re7+ Kd4 50. Re6 g5 51. Rxd6 Rf4+ 52. Kg3
Kxe4 53. Rd8 Rf3+ 54. Kg2 Rd3 55. d6 Kf4 56. d7 Kg4 57. Kf2 h4 58. Ke2 Rd6 59.
Kf2 h3 60. Kf1 h2 61. Rh8 0-1

[Event "II Festival Santa Lucia-Gran Canaria 2014"]
[Site "C/Famara, 76-AA.VV. Ansite de Vecindario (Gran Can"]
[Date "2014.08.15"]
[Round "2"]
[Board "3"]
[White "Gutierrez Olivares, Daniel"]
[Black "Guerrero Orihuela, Jose Luis"]
[Result "1-0"]
[WhiteElo "2331"]
[BlackElo "1656"]
[PlyCount "120"]
[EventDate "2014.08.14"]
[EventRounds "9"]
[EventCountry "ESP"]

1. Nf3 Nf6 2. g3 b6 3. Bg2 Bb7 4. O-O e6 5. d3 Be7 6. e4 d6 7. Nc3 O-O 8. Ne1
Nbd7 9. f4 a6 10. g4 e5 11. f5 h6 12. g5 hxg5 13. Bxg5 Nh7 14. Be3 Bg5 15. Bf2
Ndf6 16. Nf3 Bh6 17. Bh4 Qd7 18. h3 Rfe8 19. Nh2 Bg5 20. Bxg5 Nxg5 21. Ng4 Ngh7
22. Ne3 c6 23. d4 Qc7 24. Rf2 exd4 25. Qxd4 c5 26. Qd3 Rad8 27. a4 Ng5 28. Ned5
Nxd5 29. exd5 f6 30. Qg3 Nf7 31. Kh2 Ne5 32. Ne2 Qf7 33. Nf4 Ra8 34. Rg1 b5 35.
Bh1 Bc8 36. Ne6 Bxe6 37. dxe6 Qe7 38. Bxa8 Rxa8 39. Rfg2 Ra7 40. axb5 axb5 41.
h4 g6 42. fxg6 Qxe6 43. h5 Qf5 44. Rf2 Qxh5+ 45. Qh3 Qxh3+ 46. Kxh3 Kg7 47.
Rgf1 Ra2 48. c3 b4 49. cxb4 cxb4 50. Rxf6 Rxb2 51. Rxd6 Rb3+ 52. Kh2 Rb2+ 53.
Kh1 Rc2 54. Re6 Rc5 55. Rf5 Rc1+ 56. Kg2 b3 57. Rfxe5 b2 58. Rd5 b1=Q 59. Rd7+
Kh6 60. g7+ Kh7 1-0

[Event "II Festival Santa Lucia-Gran Canaria 2014"]
[Site "C/Famara, 76-AA.VV. Ansite de Vecindario (Gran Can"]
[Date "2014.08.15"]
[Round "2"]
[Board "4"]
[White "Suarez Buceta, Melquiades"]
[Black "Natalicchio Escalante, Nicolas"]
[Result "1-0"]
[WhiteElo "1669"]
[BlackElo "2238"]
[PlyCount "55"]
[EventDate "2014.08.14"]
[EventRounds "9"]
[EventCountry "ESP"]

1. d4 d5 2. c4 c6 3. Nc3 Nf6 4. Nf3 dxc4 5. e4 b5 6. a4 b4 7. Nb1 Nxe4 8. Bxc4
e6 9. O-O Be7 10. Re1 Nf6 11. Nbd2 O-O 12. Ne4 Nxe4 13. Rxe4 c5 14. Be3 Bb7 15.
Rg4 Nd7 16. dxc5 Nxc5 17. Bd4 g6 18. Qc1 Bxf3 19. Qh6 Bf6 20. Rh4 Re8 21. Qxh7+
Kf8 22. Bxc5+ Re7 23. gxf3 Rc8 24. Bxe7+ Qxe7 25. Rd1 Rc5 26. Bb5 Rg5+ 27. Kf1
Qc7 28. Rc4 1-0

[Event "II Festival Santa Lucia-Gran Canaria 2014"]
[Site "C/Famara, 76-AA.VV. Ansite de Vecindario (Gran Can"]
[Date "2014.08.15"]
[Round "2"]
[Board "5"]
[White "Antonini, Roberto"]
[Black "Camino Carrio, Nicanor"]
[Result "0-1"]
[WhiteElo "1616"]
[BlackElo "2054"]
[PlyCount "66"]
[EventDate "2014.08.14"]
[EventRounds "9"]
[EventCountry "ESP"]

1. d4 Nf6 2. c4 g6 3. Nc3 Bg7 4. e4 d6 5. Be3 O-O 6. Bd3 Ng4 7. Qd2 Nxe3 8.
Qxe3 c6 9. Nge2 Nd7 10. h4 e5 11. h5 exd4 12. Nxd4 Qb6 13. hxg6 Qxd4 14. Qh3
Nf6 15. gxf7+ Rxf7 16. Qg3 Ng4 17. O-O-O Qxf2 18. Qxd6 Qf4+ 19. Qxf4 Rxf4 20.
e5 Bf5 21. Bxf5 Rxf5 22. Rd7 Nxe5 23. Rxb7 Nxc4 24. g4 Rf4 25. g5 Rg4 26. Re1
Rxg5 27. Ree7 Nd6 28. Rbc7 Nb5 29. Rxc6 Nxc3 30. bxc3 Rg2 31. Rcc7 Rf8 32. Kd1
Rb8 33. Kc1 Bh6+ 0-1